Państwa według liczby wysp. - Statystyki

Ogólne statystyki
  • Ten quiz został rozwiązany 152 razy
  • Średni wynik to 8 z 10
Statystyki odpowiedzi
Liczba Odpowiedź % Poprawnych
6 852 Japonia
94%
18 617 Stany Zjednoczone
93%
17 508 Indonezja
89%
52 455 Kanada
87%
239 057 Norwegia
86%
6 961 Chiny
78%
267 570 Szwecja
78%
7 641 Filipiny
74%
178 947 Finlandia
73%
8 222 Australia
72%
Nie znaleziono quizów pasujących do podanych kryteriów
Rozkład punktacji
Procent ludzi z każdym wynikiem
Percentyl według liczby udzielonych odpowiedzi
Twoja historia wyników
Nie rozwiązałeś tego quizu